000 00506cam a2200193 4500
001 B2188
008 090401t1989 xxu||||| |||| 00| 0 eng d
035 _a(Sirsi) u48604
041 _aeng
050 _a352.00017
100 _aGregory, Michael
245 _aPecuniary interests of local authority members: speaking and voting
260 _aLondon
_bCountry Landowners Association
_c1989
300 _a8p. ; 21cm.
350 _a0
650 _aLOCAL COUNCILLORS
942 _n0
948 _c04/03/1997
999 _c92372
_d92372